000 00315nam a2200121 a 4500
005 20140414131856.0
008 100901s19uu xx 00 eng d
050 _aFIL
_bB34 2009
100 _aTobias, Mae Astrid
245 _aBayong ng kuting.
260 _aManila, Philippines :
_bLampara,
_c2009.
999 _c110482
_d110482